Quản trị địa phương từ lý thuyết tới thực tiễn

Nội dung sách gồm những vấn đề lý thuyết về quản trị địa phương; tổ chức và hoạt động quản trị của chính quyền địa phương theo hiến pháp năm 2013; một số lĩnh vực quản trị của chính quyền địa phương......

Full beskrivning

Sparad:
Bibliografiska uppgifter
Huvudupphovsman: Nguyễn, Thị Phượng
Materialtyp: Bok
Språk:Undetermined
Publicerad: Hà Nội Khoa học xã hội 2018
Ämnen:
Taggar: Lägg till en tagg
Inga taggar, Lägg till första taggen!
Thư viện lưu trữ: Trung tâm Học liệu Trường Đại học Cần Thơ
LEADER 01064nam a2200217Ia 4500
001 CTU_229126
008 210402s9999 xx 000 0 und d
082 |a 352.14 
082 |b Ph561 
100 |a Nguyễn, Thị Phượng 
245 0 |a Quản trị địa phương từ lý thuyết tới thực tiễn 
245 0 |c Nguyễn Thị Phượng (Chủ biên) 
260 |a Hà Nội 
260 |b Khoa học xã hội 
260 |c 2018 
520 |a Nội dung sách gồm những vấn đề lý thuyết về quản trị địa phương; tổ chức và hoạt động quản trị của chính quyền địa phương theo hiến pháp năm 2013; một số lĩnh vực quản trị của chính quyền địa phương... 
650 |a Local government,Public administration,Hành chính công 
650 |z Vietnam,Chính quyền địa phương,Việt Nam 
904 |i Mai Loan 
910 |a Tuyến 
980 |a Trung tâm Học liệu Trường Đại học Cần Thơ